000
00332nam a2200145Ia 4500
008
191201s1996 xx 000 0 und d
082
_a
537.62
_b
BES
100
_a
BEDI, RK
245
0
_a
SemicondUctor Materials
250
_a
1st
260
_a
N. Delhi
_b
Guru Nanak Dev
_c
1996
300
_a
296
650
_a
Applied
942
_2
ddc
_c
BK
999
_c
630
_d
630